Most Goals in Football History - Extended - Statistics

General Stats
  • This quiz has been taken 138 times
  • The average score is 10 of 51
Answer Stats
Number of Goals Notable Club Team National Team Player % Correct
790 Real Madrid Portugal Cristiano Ronaldo
97%
775 Santos Brazil Pele
94%
761 Barcelona Argentina Lionel Messi
93%
735 Bayern Munich Germany Gerd Muller
89%
808 Real Madrid Hungary Ferenc Puskas
87%
571 AC Milan Sweden Zlatan Ibrahimovic
72%
505 Barcelona Uruguay Luis Suarez
68%
544 Bayern Munich Poland Robert Lewandowski
66%
780 Barcelona Brazil Romario
49%
591+ Benfica Portugal Eusebio
44%
513 Real Madrid Spain / Argentina Alfredo Di Stefano
43%
562 Real Madrid Mexico Hugo Sanchez
26%
948+ Slavia Prague Austria / Czechoslovakia Josef Bican
23%
567 Tottenham Hotspur England Jimmy Greaves
16%
556 Barcelona Hungary Sandor Kocsis
16%
545 Flamengo Brazil Zico
15%
531 Everton England Dixie Dean
14%
582 Hamburg Germany Uwe Seeler
11%
503+ Bastia Cameroon Roger Milla
10%
510+ AC Milan Sweden Gunnar Nordahl
8%
663+ Ruch Chorzow Poland / Germany Ernst Willimowski
3%
794+ Upjest FC Hungary Ferenc Deak
3%
574+ Kaiserslautern Germany Fritz Walter
3%
563 Linfield Northern Ireland Glenn Ferguson
3%
518 Rapid Wien Austria Hans Krankl
3%
561 Benfica Portugal Jose Torres
3%
526 MTK Budapest Hungary Nandor Hidegkuti
3%
597 Sporting Lisbon Portugal Fernando Peyroteo
2%
673+ Glenavon Northern Ireland Jimmy Jones
2%
710+ Heerenveen Netherlands Abe Lenstra
1%
630 Upjest FC Hungary Ferenc Bene
1%
507+ Newcastle United Scotland Hughie Gallacher
1%
569+ Ferencvaros Hungary Imre Schlosser
1%
534+ San Lorenzo Spain Isidro Langara
1%
549 Celtic Scotland James McGrory
1%
509 Anderlecht Belgium Joseph Mermans
1%
541+ Nottingham Forest Nothern Ireland Boy Martin
0%
982+ PSV Chemnitz Germany Erwin Helmchen
0%
541 Upjest FC Hungary Ferenc Szusza
0%
569+ Rapid Wien Austria Franz Binder
0%
554+ Glentoran Northern Ireland Fred Roberts
0%
507 Ferencvaros Hungary Gyorgy Sarosi
0%
611 Upjest FC Hungary Gyula Zsengeller
0%
538+ Derry City Northern Ireland Jimmy Kelly
0%
678+ Linfield Northern Ireland Joe Bambrick
0%
518 Ferencvaros Hungary Jozsef Takacs
0%
500 Budapest Honved Hungary Lajos Tichy
0%
517 Vasco da Gama Brazil Roberto Dinamite
0%
505+ Derby County England Steve Bloomer
0%
657+ Everton England Tommy Lawton
0%
575 Botafago Brazil Tulio Maravilha
0%
No matching quizzes found
Score Distribution
Percent of People with Each Score
Percentile by Number Answered
Your Score History
You have not taken this quiz